LA ESTRUCTURA DEL CONGRESO DEL TRABAJO: ESTADO, TRABAJO Y CAPITAL EN MEXICO, UN ACERCAMIENTO AL TEMA/
Guardado en:
| Hovedforfatter: | |
|---|---|
| Andre forfattere: | |
| Format: | Bog |
| Fag: | |
| Tags: |
Ingen Tags, Vær først til at tagge denne postø!
|
MARC
| LEADER | 00000nam^a2200000^a^4500 | ||
|---|---|---|---|
| 001 | 000224781 | ||
| 005 | 20250521000000.0 | ||
| 009 | 20260310104102.229 | ||
| 020 | |a 968-16-1601-4 | ||
| 035 | |a 043663 | ||
| 037 | |a Acervo Xavier Clavigero | ||
| 082 | |a 331. 880972 |b ZAZ | ||
| 100 | |a Zazueta, César |e (autor) | ||
| 245 | 1 | 3 | |a LA ESTRUCTURA DEL CONGRESO DEL TRABAJO: |b ESTADO, TRABAJO Y CAPITAL EN MEXICO, UN ACERCAMIENTO AL TEMA/ |c CESAR ZAZUETA, RICARDO DE LA PEÑA |
| 264 | |a MEXICO : |b CENIET, FONDO DE CULTURA ECONOMICA, |c 1984 | ||
| 300 | |a 579p. 2ej. | ||
| 336 | |a texto |b txt |2 rdacontenido | ||
| 337 | |a sin mediación |b n |2 rdamedio | ||
| 338 | |a volumen |b nc |2 rdasoporte | ||
| 649 | |a XX | ||
| 650 | |a Sindicalismo - |z México | ||
| 650 | |a Economía - |z México - |x Historia | ||
| 650 | |a TRABAJO Y TRABAJADORES | ||
| 700 | |a Peña, Ricardo de la |e (autor) | ||
| 910 | |a Fondo General | ||
| 920 | |a Impresos - Libros | ||
| 930 | |a Colección General | ||
| 905 | |a 101 | ||
| 901 | |a 043663 |b IT1 |c ACC |i 043663 |u 20250521 | ||
| 901 | |a 021147 |b IT1 |c ACC |i 021147 |u 20250521 | ||
| 902 | |a https://opac.biblio.iteso.mx/vufind/Record/000224781 | ||